01382nem a2200385 i 450000100060000000300090000600500170001500700090003200800410004101500170008202000150009903400130011403500230012703500360015003500140018603500210020003500230022103500440024404000280028808000130031624501440032925500200047326000570049330000720055038000090062250000190063154000400065054600710069064800150076165100370077665500210081365800300083471000340086485600980089835227KOSZ 00520200207123410.0ad canzn041217s2004 pl e | 1 pol  aBDK 2004/301 a837345229X1 aab15500 a991025186209705066 a(PL-WaBN)b16870189-48omnis_nlop ab16870189 a(OCoLC)838914438 a(PL)b0000001687018 a(EXLNZ-48OMNIS_NETWORK)9910170328905606 aWA NcWA NdKOSZ 005/HR a912(438)00aŁódź :batlas miasta : skala 1:15 500 /coprac. wydawca MAPY ŚCIENNE BEATA PIĘTKA WYDAWNICTWO KARTOGRAFICZNE ; "nowe opracowanie". aSkala 1:15 000. aKatowice :bMAPY ŚCIENNE, Beata Piętka,c[2004]. a1 atlas (s. 2-63 mapy, 64-72 indeks) :bkolor. ;c22 cm, skoroszyt. aMapy aTyt. panelowy. aCop. Mapy Ścienne Beata Piętka. aTreść map w jęz. pol., legenda także w jęz. ang. i niem. 7a2001-2DBN 7aŁódź (woj. łódzkie)2DBN 7aPlan miasta2DBN aGeografia i nauki o Ziemi2 aWydawnictwo PiętkaeWydawca uhttp://koha.tu.koszalin.pl/cgi-bin/koha/opac-detail.pl?biblionumber=35227yKatalog online BPK